01733nam a22001697a 4500082000800000100002600008245011100034264003900145300002600184520107400210650004501284700005201329856005701381942001301438999001901451952009301470 a621 aLatif, Rehman9119701 aDevelop a technique for the inspection of piston profile and measure piston skirt diameter /cRehman Latif aIslamabad : bSMME- NUST; c2023.  a44p.bSoft Copyc30cm aThe purpose of this project is to design and fabricate a Piston Inspection Machine. It serves as a proof of concept for later versions to be designed for Tractor OEM. The machine will be able to evaluate the piston profile and measure Diameter of Piston Skirt. The profile is measured by Holding the piston using a U-block mechanism that takes the readings over defined intervals. The LVDT sensor is utilized to take the readings with an accuracy of in microns. The accuracy and precision requirements are specified by the manufacturing drawings providedby the OEM. The design of machine components is dictated by the dimensional constraints rather than stress and loading conditions since most components are stationary and have light in weight components to hold. The design is optimized to take readings along the length of the skirt to measure its profile by evaluating the diameter at specific points. It is mainly due to innovative arrangement that allows point contact at the length of piston skirt surface and has not been seen in precision measurement industry aMS Mechanical Engineering 9119495 aSupervisor : Prof. Dr. Riaz Ahmed Mufti9119679 uhttp://10.250.8.41:8080/xmlui/handle/123456789/34363 2ddccTHE c607335d607335 00104070aSMMEbSMMEcEBd2023-12-13l0o621pSMME-TH-868r2023-12-13w2023-12-13yTHE